La escultura de Alcobaça / (Record no. 28495)

MARC details
000 -LEADER
campo de control de longitud fija 00567nam a2200181 i 4500
001 - NÚMERO DE CONTROL
campo de control 28495
003 - IDENTIFICADOR DE NÚMERO DE CONTROL
campo de control ES-MaACL
007 - CAMPO FIJO DE DESCRIPCIÓN FÍSICA--INFORMACIÓN GENERAL
campo de control de longitud fija t|
008 - DATOS DE LONGITUD FIJA--INFORMACIÓN GENERAL
campo de control de longitud fija 030117s1945 po ||||1| spa d
100 1# - ENTRADA PRINCIPAL--NOMBRE DE PERSONA
Nombre de persona Barata, Teyo.
9 (RLIN) 25339
245 13 - MENCIÓN DEL TÍTULO
Título La escultura de Alcobaça /
Mención de responsabilidad, etc. por Teyo Barata.
260 ## - PUBLICACIÓN, DISTRIBUCIÓN, ETC.
Lugar de publicación, distribución, etc. Lisboa :
Nombre del editor, distribuidor, etc. Atica,
Fecha de publicación, distribución, etc. 1945 (
Fabricante Empresa Nacional de Publicidade)
300 ## - DESCRIPCIÓN FÍSICA
Extensión 52 p., 80 lám. ;
Dimensiones 33 cm.
490 1# - MENCIÓN DE SERIE
Mención de serie Arte portuguesa. Serie Escultura
830 00 - PUNTO DE ACCESO ADICIONAL DE SERIE-TÍTULO UNIFORME
Título uniforme Arte portuguesa.
Nombre de parte o sección de la obra Serie escultura
9 (RLIN) 229265
852 ## - LOCALIZACIÓN
Ubicación ES-MaACL
Número de control de estantería B-5899
Sublocalización o colección R.22314
Holdings
Estatus retirado Estado de pérdida Estado de daño No para préstamo Biblioteca de origen Biblioteca actual Ubicación en estantería Fecha de adquisición Fuente de adquisición Total de préstamos Signatura topográfica completa Código de barras Visto por última vez Precio de reemplazo Tipo de ítem Koha
        Biblioteca del Ateneo de Madrid Biblioteca del Ateneo de Madrid Sala Pardo Bazán 17/01/2008     B-5899 1029416 23/02/2023 23/02/2023 Libro impreso